000 00672nam a2200241Ia 4500
005 20260430150055.0
008 008 250103s9999 xx 000 0 eng d
037 _aTheses
040 _aCRL
040 _beng
040 _ceng
041 _2eng
041 _aeng
084 _qCRL
100 _aKhanna Anoushka Au.; Chakrabarti Rina Au.
_91236377
245 0 _aNovel strategies for the management of hematopoietic form of acute radiation syndrome in experimental models
260 _c2022
300 _a143p.
650 _aZoology
700 _aUniversity of Delhi. Faculty of Science. Department of Zoology
942 _cTH
999 _c1848882
_d1848882